00341nam a2200121Ia 4500008004100000082002000041100001400061245006700075250000800142260004200150300001000192650001700202150201s2000 xx 000 0 und d a612.015bC2000V aVASUDEVAN aCOMPANION TO THE TEXTBOOK OF BIOCHEMISTRY FOR MEDICAL STUDENTS a1ST bJAYPEE MEDICAL PUBLISHERaDELHIc2000 a1-342 aBIOCHEMISTRY